01558nam a2200397 i 450000100060000000300080000600500170001400600190003100700150005000800410006502000180010602000280012403500220015204000310017405000210020508000100022608200140023624501500025026400420040030000410044233600290048333700330051233800390054550400290058458800830061359001620069660000610085865000300091965000250094965500270097470000320100170000290103379700180106285600630108099900170114358887FINmELB20241216233040.0m o u cr cn|||||||||220622s2023 sp ob 000 0 spa d z9788425448942 a9788425448959q(e-book) a(OCoLC)1385418750 aFINmELBbspaerdacFINmELB14aJC330bA257 2023 a316.404a303.322300aAfán de poder :bsociedad, salud mental y educación desde una visión actual de Alfred Adler /cUrsula Oberst y Joseba Azkarraga (editores). 1aBarcelona :bHerder Editorial,c2023. a1 recurso en línea (294 páginas) atextobtxt2rdamedia/spa acomputadorabc2rdamedia/spa arecurso en línea2rdacarrier/spa aContiene bibliografía. aDescripción basada en metadatos suministrados por el editor y otras fuentes. aRecurso electrónico. Santa Fe, Arg.: elibro, 2021. Disponible vía World Wide Web. El acceso puede estar limitado para las bibliotecas afiliadas a elibro.10aAdler, Alfred,d1870-1937xCrítica e interpretación. 4aPoder (Ciencias Sociales) 4aPsicología social. 4aLibros electrónicos.1 aAzkarraga, Joseba,eeditor.1 aOberst, Ursula,eeditor.2 aelibro, Corp.40uhttps://elibro.net/ereader/politecnicointernacional/229047 c58887d58887